[Event "Hastings Masters"]
[Site "Hastings"]
[Date "2007.12.31"]
[Round "4.34"]
[White "Raddatz, Michael"]
[Black "Rudd, Jack"]
[Result "0-1"]
[WhiteElo "2037"]
[BlackElo "2332"]
[PlyCount "80"]
[EventDate "2007.12.28"]
[SourceDate "2007.12.28"]

1. e4 e5 2. Ne2 Bc5 3. Nbc3 Nc6 4. f4 exf4 5. Nxf4 Nf6 6. Be2 O-O 7. e5 Re8 8.
exf6 Nd4 9. d3 d5 10. Kf1 Nxe2 11. Ncxe2 Qxf6 12. d4 Bd6 13. Kg1 c6 14. c3 g5
15. Nh5 Qg6 16. Neg3 f5 17. Bd2 f4 18. Nf1 Bf5 19. h4 h6 20. hxg5 hxg5 21. Nh2
Bd3 22. Qg4 Re2 23. Nf3 Bf5 24. Qxg5 Qxg5 25. Nxg5 Rxd2 26. Re1 Rxb2 27. Nf6+
Kg7 28. Nh5+ Kg6 29. Ne6 f3 30. gxf3 Rg8 31. Nhf4+ Kf7+ 32. Kf1 Bxe6 33. Nxe6
Bg3 34. Nd8+ Rxd8 35. Rh7+ Kg6 36. Ree7 Rg8 37. Rh3 Kf6 38. Reh7 Rf2+ 39. Kg1
Bh4+ 40. Kh1 Re8 0-1

[Event "Hastings Masters"]
[Site "Hastings"]
[Date "2007.12.31"]
[Round "4.35"]
[White "Thompson, Ian D"]
[Black "Adair, James"]
[Result "1/2-1/2"]
[WhiteElo "2309"]
[BlackElo "2044"]
[PlyCount "98"]
[EventDate "2007.12.28"]
[SourceDate "2007.12.28"]

1. c4 c5 2. g3 Nc6 3. Bg2 g6 4. Nc3 Bg7 5. Nf3 e5 6. O-O Nge7 7. Ne1 a6 8. Nc2
Rb8 9. a4 O-O 10. Ne3 d6 11. d3 Nb4 12. Bd2 b6 13. Rb1 Bb7 14. Ned5 Nbxd5 15.
cxd5 Qd7 16. e4 f5 17. f4 Rbc8 18. Qb3 Qc7 19. Qc4 Kh8 20. Be3 fxe4 21. dxe4
Bh6 22. Bh3 Rce8 23. b4 Bc8 24. Be6 Rf6 25. bxc5 bxc5 26. Rf2 Ref8 27. Rbf1
Bxe6 28. dxe6 Qc8 29. Nd1 Qxe6 30. Qxa6 exf4 31. Bxf4 Bxf4 32. Rxf4 Rxf4 33.
gxf4 Qxe4 34. Qxd6 Qd4+ 35. Qxd4+ cxd4 {(=)} 36. Nb2 Rb8 37. Nd3 Rb3 38. Rd1
Ra3 39. Nc5 Nf5 40. Kf2 Rc3 41. Ne6 Rc6 42. Ng5 Rc2+ 43. Kf3 Ra2 44. Rb1 h6 45.
Rb8+ Kg7 46. Rb7+ Kg8 47. Rb8+ Kg7 48. Rb7+ Kg8 49. Rb8+ Kg7 1/2-1/2

[Event "Hastings Masters"]
[Site "Hastings"]
[Date "2007.12.31"]
[Round "4.37"]
[White "Salimbeni, George"]
[Black "Briscoe, Christopher"]
[Result "0-1"]
[WhiteElo "2058"]
[BlackElo "2273"]
[PlyCount "98"]
[EventDate "2007.12.28"]
[SourceDate "2007.12.28"]

1. e4 c5 2. c3 e6 3. d4 d5 4. exd5 exd5 5. Nf3 Nc6 6. Bb5 Bd6 7. O-O Nge7 8.
Nbd2 cxd4 9. Nxd4 O-O 10. N2f3 Bg4 11. Be2 Rc8 12. Bg5 Qb6 13. Qd2 Rfe8 14.
Rad1 Bb8 15. Bh4 Bxf3 16. Nxf3 Nf5 17. Bg3 Bxg3 18. hxg3 Nxg3 19. Rfe1 Ne4 20.
Qe3 Qxb2 21. Bd3 Nf6 22. Qd2 Qxd2 23. Nxd2 Rxe1+ 24. Rxe1 Na5 25. Rc1 Kf8 26.
Nb3 Nc4 27. Nd4 g6 28. Rb1 Nd6 29. Rb3 a6 30. Ne2 Rc7 31. f3 Ke7 32. Kf2 Nc4
33. Rb1 Ne5 34. Bc2 Ned7 35. Ke3 Kd6 36. Kd4 Nc5 37. g4 Ne6+ 38. Ke3 d4+ 39.
Nxd4 Nd5+ 40. Kd2 Nxc3 41. Rb4 b5 42. Nxe6 fxe6 43. Bb3 Nd5 44. Rd4 a5 45. a3
Rf7 46. Ke2 a4 47. Bc2 Rf4 48. Be4 Kc5 49. Rd3 Rxe4+ 0-1

[Event "Hastings Masters"]
[Site "Hastings"]
[Date "2007.12.31"]
[Round "4.38"]
[White "Foord, Dominic"]
[Black "Furman, Boris"]
[Result "1-0"]
[WhiteElo "2004"]
[BlackElo "2264"]
[PlyCount "49"]
[EventDate "2007.12.28"]
[SourceDate "2007.12.28"]

1. d4 Nf6 2. c4 e6 3. Nc3 Bb4 4. Bg5 h6 5. Bh4 c5 6. d5 Bxc3+ 7. bxc3 d6 8. e3
e5 9. f3 g5 10. Bg3 Bf5 11. Bd3 e4 12. Bc2 Qe7 13. f4 Nbd7 14. Ne2 Nf8 15. O-O
Bg4 16. Ba4+ Kd8 17. Qd2 Nh5 18. Be1 Rg8 19. h3 Bxh3 20. gxh3 gxf4+ 21. Kh2 f3
22. Ng3 Rxg3 23. Bxg3 Nxg3 24. Kxg3 Qe5+ 25. Kf2 1-0

[Event "Hastings Masters"]
[Site "Hastings"]
[Date "2007.12.31"]
[Round "4.39"]
[White "Spanton, Timothy"]
[Black "Rayner, Francis"]
[Result "0-1"]
[WhiteElo "1985"]
[BlackElo "2201"]
[PlyCount "60"]
[EventDate "2007.12.28"]
[SourceDate "2007.12.28"]

1. e4 c5 2. Nf3 e6 3. d3 Nc6 4. g3 g6 5. Bg2 Bg7 6. O-O Nge7 7. c3 d5 8. Qe2
Qc7 9. Re1 dxe4 10. dxe4 e5 11. Be3 b6 12. Na3 a6 13. Red1 O-O 14. Nc4 h6 15.
a4 Be6 16. b4 Nd4 17. cxd4 cxd4 18. Ncxe5 dxe3 19. Rac1 exf2+ 20. Kxf2 Qa7 21.
b5 axb5 22. axb5 Qb7 23. Ra1 Rxa1 24. Rxa1 Qc7 25. Qb2 Qc5+ 26. Ke1 g5 27. Rc1
Qe3+ 28. Kf1 g4 29. Re1 Qc5 30. Rc1 Qd6 0-1

[Event "Hastings Masters"]
[Site "Hastings"]
[Date "2007.12.31"]
[Round "4.40"]
[White "Fruteau, Sabine"]
[Black "Henrichsen, Jens"]
[Result "1-0"]
[WhiteElo "2169"]
[BlackElo "1982"]
[PlyCount "61"]
[EventDate "2007.12.28"]
[SourceDate "2007.12.28"]

1. e4 c5 2. Nf3 d6 3. d4 cxd4 4. Nxd4 Nf6 5. Bd3 a6 6. a4 b6 7. Nc3 Bb7 8. O-O
e6 9. f4 Be7 10. Qf3 Nbd7 11. Bd2 Nc5 12. Rae1 O-O 13. Qh3 Nxd3 14. cxd3 Re8
15. Nf3 e5 16. Kh1 exf4 17. Nd4 g6 18. Bxf4 Bc8 19. Qf3 Bg4 20. Qf2 Be6 21. Nc6
Ng4 22. Nxe7+ Rxe7 23. Qg3 Rd7 24. h3 Ne5 25. d4 Bc4 26. dxe5 Bxf1 27. Rxf1
dxe5 28. Bxe5 Rd3 29. Qf4 Ra7 30. Nd5 f5 31. Nf6+ 1-0

[Event "Hastings Masters"]
[Site "Hastings"]
[Date "2007.12.31"]
[Round "4.41"]
[White "Cohen, Ronnie"]
[Black "Atako, Chino"]
[Result "1/2-1/2"]
[WhiteElo "1973"]
[BlackElo "2149"]
[PlyCount "127"]
[EventDate "2007.12.28"]
[SourceDate "2007.12.28"]

1. e4 c5 2. Nf3 g6 3. c4 Nc6 4. d4 cxd4 5. Nxd4 Nf6 6. Nc3 d6 7. Be3 Bg7 8. Be2
O-O 9. O-O Bd7 10. Rc1 Nxd4 11. Bxd4 Bc6 12. f3 a5 13. Qd2 Nd7 14. Be3 Nc5 15.
b3 f5 16. exf5 gxf5 17. Nd5 e5 18. Bg5 Qe8 19. Nc7 Qg6 20. Nxa8 Rxa8 21. Rcd1
Bf8 22. Bh4 Ne6 23. Bd3 Bh6 24. Qf2 Kh8 {(=)} 25. Qg3 Qf7 26. Qh3 Rf8 27. Bf2
Bf4 28. Qxf5 Qxf5 29. Bxf5 Rxf5 30. Rxd6 Rf6 31. g3 Bh6 32. Re1 Bf8 33. Rd3 Nd4
34. Rxd4 exd4 35. Bxd4 Bg7 36. Bxf6 Bxf6 37. Kg2 Kg7 38. h3 Kf7 39. Kf2 Bc3 40.
Rd1 Ke7 41. Ke3 Bb4 42. f4 Bc5+ 43. Ke2 Bg2 44. h4 h5 45. Kd3 Bb4 46. a3 Bxa3
47. Re1+ Kf6 48. Re5 Bf3 49. Rxa5 Bb4 50. Rg5 Be1 51. c5 Bg4 52. c6 bxc6 53.
Rc5 {(=)} Bf3 54. Rg5 Bf2 55. b4 Bg4 56. b5 cxb5 57. Rxb5 Bxg3 58. Ke3 Bxh4 59.
Rb6+ Kf5 60. Rb5+ Kg6 61. Rb6+ Bf6 62. Rb1 h4 63. Rg1 Kf5 64. Rxg4 1/2-1/2

[Event "Hastings Masters"]
[Site "Hastings"]
[Date "2007.12.31"]
[Round "4.42"]
[White "Milnes, Anthony CP"]
[Black "O'Toole, George E"]
[Result "0-1"]
[WhiteElo "2126"]
[BlackElo "1987"]
[PlyCount "100"]
[EventDate "2007.12.28"]
[SourceDate "2007.12.28"]

1. e4 e5 2. f4 exf4 3. Nf3 g5 4. h4 g4 5. Ne5 Nf6 6. Bc4 d5 7. exd5 Bd6 8. d4
Nh5 9. O-O Qxh4 10. Qe1 Qxe1 11. Rxe1 O-O 12. Nc3 Nd7 13. Nxg4 Nb6 14. Be2 Re8
15. Nh2 Bf5 16. Bd2 Nf6 17. Rac1 Nbxd5 18. Nxd5 Nxd5 19. c4 Bb4 20. Nf3 Bxd2
21. Nxd2 Nb4 22. Bf3 Nd3 23. Rxe8+ Rxe8 24. Rc3 Re1+ 25. Kh2 b6 26. b3 Ra1 27.
a4 Nf2 28. g4 fxg3+ 29. Kxg3 Nd1 30. Bxd1 Rxd1 31. Nf3 Rd3 32. Rxd3 Bxd3 33. c5
Bc2 34. Nd2 bxc5 35. dxc5 a5 36. Kf4 Kf8 37. b4 axb4 38. a5 Bd3 39. Ke3 Bb5 40.
Kd4 h5 41. Nf3 f6 42. Kd5 b3 43. Kd4 b2 44. Nd2 h4 45. Ke3 h3 46. Kf2 Bd3 47.
Kg3 b1=Q 48. Nxb1 Bxb1 49. a6 Be4 50. Kxh3 Ke7 0-1

[Event "Hastings Masters"]
[Site "Hastings"]
[Date "2007.12.31"]
[Round "4.44"]
[White "Kreiter, Thomas"]
[Black "Pickersgill, Adrian"]
[Result "1/2-1/2"]
[WhiteElo "1749"]
[BlackElo "2088"]
[PlyCount "56"]
[EventDate "2007.12.28"]
[SourceDate "2007.12.28"]

1. d4 d5 2. Nf3 Nc6 3. c4 Bg4 4. cxd5 Bxf3 5. gxf3 Qxd5 6. e3 e5 7. Nc3 Bb4 8.
Bd2 Bxc3 9. bxc3 Qd6 10. Bg2 Nge7 11. Rb1 b6 12. f4 exf4 13. e4 O-O-O 14. Qf3
g5 15. O-O h5 16. e5 Qg6 17. Rfe1 Nd5 18. Qe4 Qxe4 19. Bxe4 Nde7 20. Rbd1 h4
21. Bg2 h3 22. Bf3 Rh4 23. Be4 Kb8 24. Bc1 Nd5 25. Bd2 Na5 26. Bd3 Nc6 27. Be4
Nde7 28. Bc1 Nd5 1/2-1/2

[Event "Hastings Masters"]
[Site "Hastings"]
[Date "2007.12.31"]
[Round "4.45"]
[White "McClement, Andrew"]
[Black "Norinkeviciute, Rasa"]
[Result "0-1"]
[WhiteElo "1594"]
[BlackElo "2064"]
[PlyCount "148"]
[EventDate "2007.12.28"]
[SourceDate "2007.12.28"]

1. d4 g6 2. g3 Bg7 3. Bg2 d6 4. Nf3 Nd7 5. c4 e6 6. Nc3 Ne7 7. O-O O-O 8. e4 a6
9. Re1 Rb8 10. Qc2 h6 11. Be3 b6 12. Rad1 Bb7 13. b4 Qc8 14. c5 bxc5 15. bxc5
dxc5 16. dxc5 Nf6 17. Ne5 Rd8 18. c6 Nxc6 19. Nxc6 Bxc6 20. e5 Nd5 21. Nxd5
Bxd5 22. Bxd5 Rxd5 23. Rxd5 exd5 24. f4 Qd7 25. Rc1 d4 26. Bf2 Rc8 27. Qc4 d3
28. Qxa6 Bf8 29. Qc4 Rd8 30. Kf1 Qh3+ 31. Kg1 {(=)} Qd7 32. Kf1 Qg4 33. Qb3 c5
34. Qd1 Qxd1+ 35. Rxd1 c4 36. Be1 Ba3 37. Bc3 Kf8 38. Ke1 Rb8 39. Kd2 Ke7 40.
h3 h5 41. Ke3 Bc5+ 42. Ke4 Bf2 43. Kd5 Bxg3 44. Kxc4 Bxf4 45. Rxd3 Ra8 46. a3
Bc1 47. Bb4+ Ke6 48. Bd6 g5 49. Kb5 Bf4 50. a4 Bxe5 51. Bb4 Rb8+ 52. Kc4 g4 53.
hxg4 hxg4 54. a5 g3 55. a6 g2 56. Bc5 Rc8 57. Rd1 Bh2 58. Re1+ Kf5 59. Kb4 Rxc5
60. Kxc5 g1=Q+ 61. Rxg1 Bxg1+ 62. Kc6 Ke4 63. Kb7 f5 64. Kb8 f4 65. a7 Bxa7+
66. Kxa7 f3 67. Kb6 f2 68. Kc6 f1=Q 69. Kc5 Qd3 70. Kc6 Ke5 71. Kc7 Qa6 72. Kd7
Qb7+ 73. Ke8 Ke6 74. Kf8 Qf7# 0-1

[Event "Hastings Masters"]
[Site "Hastings"]
[Date "2007.12.31"]
[Round "4.46"]
[White "Canonne, Antoine"]
[Black "Uche, Enyi"]
[Result "1-0"]
[WhiteElo "2059"]
[BlackElo "1000"]
[PlyCount "81"]
[EventDate "2007.12.28"]
[SourceDate "2007.12.28"]

1. e4 e5 2. Nc3 Nf6 3. f4 d6 4. Nf3 Bg4 5. h3 Bxf3 6. Qxf3 Nc6 7. Bb5 h5 8.
Bxc6+ bxc6 9. d3 h4 10. fxe5 dxe5 11. Bg5 Be7 12. O-O O-O 13. Bxh4 Ne8 14. Bxe7
Qxe7 15. Qg3 Nd6 16. Rae1 Rae8 17. Qg4 Qe6 18. Qxe6 Rxe6 19. a4 g6 20. g3 f5
21. exf5 gxf5 22. Re3 Rfe8 23. Rfe1 Kg7 24. Na2 c5 25. b3 c6 26. Nc3 Kg6 27. a5
a6 28. Na4 Nb7 29. Nb6 R6e7 30. Nc4 Kf6 31. Rf1 Kg6 32. Kg2 Re6 33. h4 Rf8 34.
Rxe5 Rxe5 35. Nxe5+ Kg7 36. Nxc6 Rf6 37. Ne7 Re6 38. Nxf5+ Kg6 39. g4 Re2+ 40.
Rf2 Re6 41. Kf3 1-0

[Event "Hastings Masters"]
[Site "Hastings"]
[Date "2007.12.31"]
[Round "4.48"]
[White "Ringor, Rodrigo"]
[Black "Lenier, Jude"]
[Result "1-0"]
[WhiteElo "1848"]
[BlackElo "1819"]
[PlyCount "83"]
[EventDate "2007.12.28"]
[SourceDate "2007.12.28"]

1. e4 e5 2. Nf3 Nc6 3. Bb5 a6 4. Ba4 Nf6 5. O-O Be7 6. Re1 b5 7. Bb3 O-O 8. c3
d5 9. d4 Nxe4 10. dxe5 Be6 11. h3 h6 12. Nbd2 Ng5 13. Nxg5 Bxg5 14. Nf3 Bxc1
15. Rxc1 Qd7 16. Qd3 Ne7 17. g4 Rfe8 18. Bc2 Ng6 19. Nd4 Bxg4 20. hxg4 Qxg4+
21. Qg3 Qxg3+ 22. fxg3 Nxe5 23. Kg2 Nc4 24. b3 Ne3+ 25. Kf3 Nxc2 26. Nxc2 c5
27. Rxe8+ Rxe8 28. Re1 Rd8 29. Rd1 Kh7 30. Ne3 d4 31. cxd4 cxd4 32. Rd3 g6 33.
Nc2 Rc8 34. Nxd4 Kg7 35. b4 Rc4 36. a3 Rc1 37. Nb3 Rc6 38. Rd7 Kg8 39. Nc5 g5
40. Ra7 Rd6 41. Rxa6 Rxa6 42. Nxa6 1-0

[Event "Hastings Masters"]
[Site "Hastings"]
[Date "2007.12.31"]
[Round "4.49"]
[White "Lee, Jia Shen"]
[Black "O'Neill, Tom"]
[Result "1-0"]
[WhiteElo "1920"]
[BlackElo "1551"]
[PlyCount "85"]
[EventDate "2007.12.28"]
[SourceDate "2007.12.28"]

1. d4 Nf6 2. Nf3 g6 3. c4 d6 4. Nc3 Bg7 5. e4 O-O 6. Be2 Na6 7. Bg5 Ne8 8. O-O
Bg4 9. Qd2 c6 10. Rab1 f6 11. Be3 e5 12. d5 Qd7 13. Ne1 Bxe2 14. Qxe2 f5 15. f3
f4 16. Bf2 h5 17. b4 Nac7 18. a4 g5 19. dxc6 bxc6 20. b5 Rf6 21. a5 Rg6 22. b6
axb6 23. axb6 c5 24. bxc7 Nxc7 25. Rb7 g4 26. Nd5 g3 27. Rxc7 gxh2+ 28. Kxh2
Qe6 29. Ne7+ Kh7 30. Nxg6 Kxg6 31. Nc2 h4 32. Ra1 Rh8 33. Raa7 Bf6 34. Qd3 h3
35. g4 fxg3+ 36. Bxg3 Qg8 37. Qd5 Qb8 38. Qf7+ Kg5 39. Qe6 Qb2 40. Qf5+ Kh6 41.
Qxf6+ Kh5 42. Qf5+ Kh6 43. Rh7+ 1-0

[Event "Hastings Masters"]
[Site "Hastings"]
[Date "2007.12.31"]
[Round "4.50"]
[White "Macrae, James"]
[Black "Conde, Manuel"]
[Result "1-0"]
[WhiteElo "1766"]
[BlackElo "1791"]
[PlyCount "70"]
[EventDate "2007.12.28"]
[SourceDate "2007.12.28"]

1. d4 f5 2. Nf3 Nf6 3. Bg5 g6 4. e3 Bg7 5. Bd3 O-O 6. Nbd2 d6 7. O-O Nc6 8. c3
d5 9. Bxf6 Bxf6 10. Qe2 e6 11. Rfc1 Bd7 12. a3 Ne7 13. b4 b6 14. Rc2 Rc8 15.
Ba6 Rb8 16. a4 Bc8 17. a5 g5 18. axb6 axb6 19. Rca2 g4 20. Ne5 Bxe5 21. dxe5
Nc6 22. f4 gxf3 23. Nxf3 Kh8 24. Bb5 Ne7 25. Ng5 Kg7 26. Qh5 h6 27. Nh3 c6 28.
Bd3 Qe8 29. Qxe8 Rxe8 30. Ra7 b5 31. Nf4 Kf7 32. Be2 Rg8 33. Bh5+ Kf8 34. Rc7
d4 35. exd4 Rg7 1-0

[Event "Hastings Masters"]
[Site "Hastings"]
[Date "2008.01.01"]
[Round "5.1"]
[White "Bindrich, Falko"]
[Black "Hebden, Mark"]
[Result "1/2-1/2"]
[WhiteElo "2512"]
[BlackElo "2542"]
[PlyCount "81"]
[EventDate "2007.12.28"]
[SourceDate "2007.12.28"]

1. d4 Nf6 2. Nf3 d6 3. g3 g6 4. Bg2 Bg7 5. O-O O-O 6. Re1 Nbd7 7. a4 a5 8. e4
e5 9. Nc3 b6 10. dxe5 dxe5 11. Bf1 Bb7 12. Bc4 Nc5 13. Qxd8 Raxd8 14. Bg5 h6
15. Bxf6 Bxf6 16. Nd5 Kg7 17. Nc3 Rd6 18. Bd5 c6 19. Bc4 Rfd8 20. h4 Bc8 21.
Kg2 h5 22. Rab1 Bg4 23. Be2 Kf8 24. b4 axb4 25. Rxb4 Rb8 26. Reb1 Nd7 27. Nd1
Be7 28. Nb2 Rf6 29. Rb3 Ra8 30. Bd1 Bc5 31. Rd3 Ke7 32. c3 b5 33. axb5 cxb5 34.
Be2 Ra3 35. Rbd1 Nb6 36. R1d2 Ra2 37. Nd1 Rxd2 38. Rxd2 Bxf3+ {(=)} 39. Bxf3
Nd7 40. Be2 Rb6 41. Rb2 1/2-1/2

[Event "Hastings Masters"]
[Site "Hastings"]
[Date "2008.01.01"]
[Round "5.2"]
[White "Malakhatko, Vadim"]
[Black "Haslinger, Stewart"]
[Result "1-0"]
[WhiteElo "2596"]
[BlackElo "2502"]
[PlyCount "79"]
[EventDate "2007.12.28"]
[SourceDate "2007.12.28"]

1. c4 e5 2. Nc3 Nf6 3. Nf3 Nc6 4. a3 g6 5. g3 Bg7 6. Bg2 O-O 7. O-O d5 8. cxd5
Nxd5 9. d3 Nde7 10. Qc2 Rb8 11. e3 b6 12. b4 Bb7 13. Bb2 Qd7 14. Rfd1 Nf5 15.
Ne4 Rfe8 16. Rac1 Rbc8 17. Qa4 Re7 18. Ne1 Nd8 19. Qxd7 Rxd7 20. Nf3 Re7 21.
Nfd2 Ra8 22. Nc4 Kf8 23. b5 c5 24. a4 Rb8 25. a5 Bc8 26. axb6 axb6 27. Ra1 Bd7
28. Nc3 Re6 29. Bd5 Re8 30. Ra7 Be6 31. Bxe6 Rxe6 32. Ne4 h6 33. Rda1 Re8 34.
R1a6 Re6 35. Ra8 Rxa8 36. Rxa8 Ke8 37. Rb8 f6 38. Nxb6 Bf8 39. Nd5 Bd6 40. Ra8
1-0

[Event "Hastings Masters"]
[Site "Hastings"]
[Date "2008.01.01"]
[Round "5.3"]
[White "Flear, Glenn C"]
[Black "Chatalbashev, Boris"]
[Result "0-1"]
[WhiteElo "2493"]
[BlackElo "2581"]
[PlyCount "62"]
[EventDate "2007.12.28"]
[SourceDate "2007.12.28"]

1. d4 g6 2. e4 Bg7 3. c4 c5 4. d5 d6 5. Nc3 e6 6. Nf3 exd5 7. cxd5 a6 8. h3 b5
9. Bd3 Nf6 10. O-O O-O 11. Re1 Nbd7 12. Bf4 c4 13. Bf1 Nc5 14. Nd4 Bb7 15. Nc6
Bxc6 16. dxc6 Re8 17. c7 Qxc7 18. Bxd6 Qc6 19. Bxc5 Qxc5 20. Qc2 Rad8 21. Rad1
Rxd1 22. Rxd1 h5 23. Be2 Qe5 24. Bf3 h4 25. Qd2 b4 26. Nb1 Nxe4 27. Bxe4 Qxe4
28. Qxb4 Qe2 29. Rf1 Bxb2 30. Nd2 c3 31. Nf3 Qb5 0-1

[Event "Hastings Masters"]
[Site "Hastings"]
[Date "2008.01.01"]
[Round "5.4"]
[White "Georgiev, Vladimir"]
[Black "Lalic, Bogdan"]
[Result "1/2-1/2"]
[WhiteElo "2576"]
[BlackElo "2500"]
[PlyCount "43"]
[EventDate "2007.12.28"]
[SourceDate "2007.12.28"]

1. d4 Nf6 2. c4 g6 3. Nc3 d5 4. Nf3 Bg7 5. Bg5 dxc4 6. Qa4+ c6 7. Qxc4 Qb6 8.
Qb3 Bf5 9. e3 O-O 10. Bc4 h6 11. Bh4 Qxb3 12. Bxb3 Nbd7 13. O-O g5 14. Bg3 Ne4
15. Nxe4 Bxe4 16. Rfd1 Rac8 17. Ne5 Nxe5 18. Bxe5 Bxe5 19. dxe5 Rfd8 20. e6 Bd5
21. exf7+ Kxf7 22. f3 1/2-1/2

[Event "Hastings Masters"]
[Site "Hastings"]
[Date "2008.01.01"]
[Round "5.6"]
[White "Mamedov, Nidjat"]
[Black "Gormally, Daniel"]
[Result "1/2-1/2"]
[WhiteElo "2565"]
[BlackElo "2484"]
[PlyCount "74"]
[EventDate "2007.12.28"]
[SourceDate "2007.12.28"]

1. e4 c5 2. Nf3 d6 3. d4 cxd4 4. Nxd4 Nf6 5. Nc3 a6 6. Be3 e6 7. Qd2 Nc6 8. f3
Be7 9. O-O-O O-O 10. g4 Nxd4 11. Bxd4 b5 12. Kb1 Rb8 13. g5 Nd7 14. h4 Nb6 15.
Qg2 b4 16. Ne2 Qc7 17. Nc1 e5 18. Be3 Be6 19. h5 Na4 20. Bd3 Nc3+ 21. bxc3
bxc3+ 22. Nb3 a5 23. g6 Bf6 24. h6 fxg6 25. hxg7 Qxg7 26. Bh6 Qb7 27. Bxf8 Rxf8
28. Qe2 Qb4 29. Qe3 Rf7 30. Bb5 a4 31. Bxa4 Qxa4 32. Qxc3 Ra7 33. Qb2 Qc6 34.
Nd4 Qc8 35. Nb3 Qc6 36. Nd4 Qc8 37. Nb3 Qc6 1/2-1/2

[Event "Hastings Masters"]
[Site "Hastings"]
[Date "2008.01.01"]
[Round "5.7"]
[White "Bates, Richard"]
[Black "Neverov, Valeriy"]
[Result "0-1"]
[WhiteElo "2378"]
[BlackElo "2558"]
[PlyCount "112"]
[EventDate "2007.12.28"]
[SourceDate "2007.12.28"]

1. d4 Nf6 2. Nf3 g6 3. g3 Bg7 4. Bg2 O-O 5. O-O d5 6. c4 c6 7. cxd5 cxd5 8. Ne5
e6 9. Nc3 Nfd7 10. Nf3 Nc6 11. Be3 h6 12. Qd2 Kh7 13. Rfd1 Nb6 14. b3 Bd7 15.
Rac1 Be8 16. h4 f6 17. Ne1 Nc8 18. Nd3 Nd6 19. Nf4 Bf7 20. Qd3 f5 21. Na4 Qe7
22. Nc5 Rac8 23. f3 Rfe8 24. Bf2 b6 25. Na4 g5 26. hxg5 hxg5 27. Nh3 Bf6 28.
Nc3 Bg6 29. e4 fxe4 30. fxe4 Kg8 31. Qe3 dxe4 32. Nxe4 Nxe4 33. Bxe4 Bxe4 34.
Qxe4 Qh7 35. Qxh7+ Kxh7 36. d5 {(=)} exd5 37. Rxd5 Kg6 38. Kg2 Ne5 39. Rxc8
Rxc8 40. Rd2 Kf5 41. Bd4 g4 42. Rf2+ Ke4 43. Rf4+ Kd5 44. Nf2 Rc2 45. a4 Bg7
46. Bxe5 Bxe5 47. Rxg4 Rb2 48. Rg5 Ke6 49. g4 Rxb3 50. Rf5 Ra3 51. Ne4 Rxa4 52.
Ng5+ Kd5 53. Nf7 Rxg4+ 54. Kf3 Re4 55. Ng5 Ra4 56. Nf7 Ke6 0-1

[Event "Hastings Masters"]
[Site "Hastings"]
[Date "2008.01.01"]
[Round "5.8"]
[White "Conquest, Stuart"]
[Black "Sengupta, Deep"]
[Result "1-0"]
[WhiteElo "2540"]
[BlackElo "2447"]
[PlyCount "123"]
[EventDate "2007.12.28"]
[SourceDate "2007.12.28"]

1. Nf3 e6 2. c4 d5 3. g3 Nf6 4. d4 dxc4 5. Bg2 c6 6. Ne5 Bb4+ 7. Nc3 Nd5 8. Bd2
b5 9. O-O Be7 10. a4 b4 11. Ne4 Ba6 12. Rc1 O-O 13. Nxc4 Nd7 {(=)} 14. Bf4 Bxc4
15. Rxc4 N7b6 16. Rc1 Nxf4 17. gxf4 Nd5 18. e3 f5 19. Nc5 Qd6 20. Nd3 Rac8 21.
Qf3 h6 22. Kh1 Bf6 23. Rc5 Rc7 24. Qg3 Kh8 25. Rfc1 Rb8 26. Ne5 Rb6 27. Nc4 Qd7
28. Nxb6 axb6 29. R5c4 Be7 30. Qg6 c5 31. Kg1 Nf6 32. Qf7 Kh7 33. Bf3 Qc8 34.
d5 exd5 35. Bxd5 Nxd5 36. Qxd5 Rc6 37. Rxb4 Rg6+ 38. Kh1 Bh4 39. f3 Qe8 40. Rb3
Qxa4 41. Ra3 Qc6 42. Qxc6 Rxc6 43. Rd3 Bf6 44. Rc2 Re6 45. b3 g5 46. fxg5 Bxg5
47. Kg2 Kg6 48. Rc4 Be7 49. e4 f4 50. Rd7 Bf6 51. Kh3 Rc6 52. Rc2 Be5 53. Ra2
Kf6 54. Rb7 Ke6 55. Kg2 Bf6 56. Rd2 Be7 57. Rdd7 Bf6 58. Rd5 Be7 59. Rb8 Bf6
60. Rh5 Bg7 61. Rh4 Bf6 62. Rb7 {remaining moves illegible} 1-0

[Event "Hastings Masters"]
[Site "Hastings"]
[Date "2008.01.01"]
[Round "5.9"]
[White "Marusenko, Petr"]
[Black "Tahirov, Farhad"]
[Result "1/2-1/2"]
[WhiteElo "2304"]
[BlackElo "2540"]
[PlyCount "40"]
[EventDate "2007.12.28"]
[SourceDate "2007.12.28"]

1. e4 d6 2. d4 Nf6 3. Nc3 g6 4. Nf3 Bg7 5. Be2 O-O 6. O-O c6 7. a4 Qc7 8. Be3
Nbd7 9. a5 e5 10. dxe5 dxe5 11. h3 Rd8 12. Qb1 Nf8 13. Qa2 Be6 14. Qa4 Nh5 15.
Rfd1 Nf4 16. Bf1 Qe7 17. Rxd8 Qxd8 18. Qb4 Qc8 19. Rd1 Nd7 20. Na4 Qc7 1/2-1/2

[Event "Hastings Masters"]
[Site "Hastings"]
[Date "2008.01.01"]
[Round "5.10"]
[White "Pert, Nicholas"]
[Black "Abu Sufian, Sakil"]
[Result "1-0"]
[WhiteElo "2539"]
[BlackElo "2361"]
[PlyCount "71"]
[EventDate "2007.12.28"]
[SourceDate "2007.12.28"]

1. d4 d5 2. c4 c6 3. Nf3 Nf6 4. Nc3 dxc4 5. a4 Bf5 6. e3 e6 7. Bxc4 Bb4 8. O-O
O-O 9. Qe2 Bg6 10. Ne5 Nbd7 11. Nxg6 hxg6 12. Rd1 Qa5 13. Na2 Bd6 14. e4 e5 15.
d5 Qc7 16. Nc3 a5 17. Be3 Rfd8 18. Rac1 Bc5 19. dxc6 Bxe3 20. Qxe3 bxc6 21. Nb5
Qb6 22. Nd6 Qxe3 23. Bxf7+ Kf8 24. fxe3 Rab8 25. Bxg6 Rxb2 26. Rxc6 Nb6 27. h3
Nxa4 28. Kh2 Rbb8 29. Ra1 Rb6 30. Rxb6 Nxb6 31. Nb7 Rd3 32. Nxa5 Rxe3 33. Nc6
Re2 34. Ra7 Nfd7 35. Ra5 Re1 36. Nxe5 {remaining moves illegible} 1-0

[Event "Hastings Masters"]
[Site "Hastings"]
[Date "2008.01.01"]
[Round "5.11"]
[White "Radovanovic, Jovica"]
[Black "Pavlovic, Milos"]
[Result "1/2-1/2"]
[WhiteElo "2355"]
[BlackElo "2536"]
[PlyCount "67"]
[EventDate "2007.12.28"]
[SourceDate "2007.12.28"]

1. e4 e5 2. Nf3 Nc6 3. Bb5 a6 4. Ba4 Nf6 5. O-O Be7 6. Re1 b5 7. Bb3 d6 8. c3
O-O 9. h3 Nb8 10. d4 Nbd7 11. Nbd2 Bb7 12. Bc2 Re8 13. b4 Bf8 14. a4 Nb6 15. a5
Nbd7 16. Bb2 c6 17. Qb1 Qc7 18. Qa2 c5 19. bxc5 dxc5 20. dxe5 Nxe5 21. Nxe5
Qxe5 22. c4 Qf4 23. Rad1 Bxe4 24. g3 Qf5 25. Rxe4 Nxe4 26. Rf1 bxc4 27. Nxe4
Rxe4 28. f3 Qxh3 29. Bxe4 Qxg3+ 30. Kh1 Qh4+ 31. Kg1 Qg3+ 32. Kh1 Qh3+ 33. Kg1
Qg3+ 34. Kh1 1/2-1/2

[Event "Hastings Masters"]
[Site "Hastings"]
[Date "2008.01.01"]
[Round "5.12"]
[White "Williams, Simon Kim"]
[Black "Zozulia, Anna"]
[Result "1-0"]
[WhiteElo "2475"]
[BlackElo "2343"]
[PlyCount "43"]
[EventDate "2007.12.28"]
[SourceDate "2007.12.28"]

1. e4 g6 2. d4 Bg7 3. Nc3 d6 4. Be3 c6 5. h3 b5 6. Bd3 Bb7 7. Qd2 Nd7 8. f4 e6
9. Nf3 Ne7 10. O-O O-O 11. f5 exf5 12. exf5 b4 13. Ne2 Nd5 14. Bg5 f6 15. Bf4
Re8 16. Bxd6 N7b6 17. Bc5 a5 18. fxg6 hxg6 19. Bxg6 Nc4 20. Qd3 Re3 21. Qf5 Nd6
22. Qh5 1-0

[Event "Hastings Masters"]
[Site "Hastings"]
[Date "2008.01.01"]
[Round "5.14"]
[White "Jackson, Oliver"]
[Black "Roy Chowdhury, Saptarshi"]
[Result "0-1"]
[WhiteElo "2219"]
[BlackElo "2418"]
[PlyCount "100"]
[EventDate "2007.12.28"]
[SourceDate "2007.12.28"]

1. e4 c5 2. f4 e6 3. Nf3 Nc6 4. Bb5 Nge7 5. O-O a6 6. Bxc6 Nxc6 7. d3 Be7 8.
Nc3 O-O 9. Qe1 d5 10. Bd2 b5 11. Qg3 f5 12. Qe1 Nd4 13. Rc1 dxe4 14. dxe4 Bb7
15. exf5 exf5 16. Ne2 Nxf3+ 17. gxf3 Bf6 18. Bc3 Qc7 19. Rd1 Rae8 20. Qd2 Rd8
21. Qe3 Rde8 22. Qd2 Qf7 23. Bxf6 Qxf6 24. Ng3 Rf7 25. b3 g6 26. Rde1 Rfe7 27.
Re2 Rxe2 28. Nxe2 Qe7 29. Rf2 Qe3 30. Qxe3 Rxe3 31. Kf1 Rxf3 32. c4 b4 33. Nc1
Rxf2+ 34. Kxf2 Be4 35. h4 Kf7 36. Ke3 Kf6 37. Ne2 Bb1 38. Kd2 h6 39. Ng1 Be4
40. Nh3 a5 41. Kc1 a4 42. Kb2 a3+ 43. Kc1 Bg2 44. Ng1 g5 45. hxg5+ hxg5 46.
fxg5+ Kxg5 47. Kd2 f4 48. Ke2 Kf5 49. Kf2 Be4 50. Ne2 Bb1 0-1